Sintez upravljajuščich avtomatov.3-je izd.,pererab.i dopol. /

Gespeichert in:
Bibliographische Detailangaben
Hauptverfasser: Lazarev, Vladimir Georgijevič (Verfasst von), Pijľ, Jelena Ivanovna (Verfasst von)
Format: Buch
Veröffentlicht: Moskva : Energoatomizdat, 1989
Tags: Tag hinzufügen
Keine Tags, Fügen Sie das erste Tag hinzu!

MARC

LEADER 00000nam a22000003a 4500
001 stu15972
005 20150617225758.2
008 ------s1989----xxr---------------------d
040 |a STU  |b slo 
041 0
044 |a xxr 
080 |a 681.5.013 
100 1 |a Lazarev, Vladimir Georgijevič  |4 aut 
245 1 |a Sintez upravljajuščich avtomatov.3-je izd.,pererab.i dopol. /  |c [aut.]Lazarev,Vladimir Georgijevič, Pijľ,Jelena Ivanovna 
260 |a Moskva :  |b Energoatomizdat,  |c 1989 
300 |a 327 :  |b Tab.,lit 
700 1 |a Pijľ, Jelena Ivanovna  |4 aut 
996 |b C84902  |c C*84902  |l CCXVI  |s P  |a 0  |w stu15972_0001